La revolution russe / (Record no. 75513)

MARC details
000 -LEADER
campo de control de longitud fija 00469nam a2200169 i 4500
001 - NÚMERO DE CONTROL
campo de control 75513
003 - IDENTIFICADOR DE NÚMERO DE CONTROL
campo de control ES-MaACL
005 - FECHA Y HORA DE LA ÚLTIMA TRANSACCIÓN
campo de control 20230906172504.0
007 - CAMPO FIJO DE DESCRIPCIÓN FÍSICA--INFORMACIÓN GENERAL
campo de control de longitud fija t|
008 - DATOS DE LONGITUD FIJA--INFORMACIÓN GENERAL
campo de control de longitud fija 040924s1933 fr ||||1| fre d
100 1# - ENTRADA PRINCIPAL--NOMBRE DE PERSONA
Nombre de persona Grenard, Fernand.
9 (RLIN) 59937
245 13 - MENCIÓN DEL TÍTULO
Título La revolution russe /
Mención de responsabilidad, etc. Fernand Grenard.
260 ## - PUBLICACIÓN, DISTRIBUCIÓN, ETC.
Lugar de publicación, distribución, etc. Paris :
Nombre del editor, distribuidor, etc. Armand Colin,
Fecha de publicación, distribución, etc. 1933.
300 ## - DESCRIPCIÓN FÍSICA
Extensión 392 p. ;
Dimensiones 23 cm.
651 #4 - PUNTO DE ACCESO ADICIONAL DE MATERIA--NOMBRE GEOGRÁFICO
Nombre geográfico Rusia-
Subdivisión general Historia-
Subdivisión cronológica 1905-1907, Revolución.
9 (RLIN) 9335
852 ## - LOCALIZACIÓN
Ubicación ES-MaACL
Número de control de estantería A-2361
Holdings
Estatus retirado Estado de pérdida Estado de daño No para préstamo Biblioteca de origen Biblioteca actual Ubicación en estantería Fecha de adquisición Fuente de adquisición Total de préstamos Signatura topográfica completa Código de barras Visto por última vez Precio de reemplazo Tipo de ítem Koha
        Biblioteca del Ateneo de Madrid Biblioteca del Ateneo de Madrid Sala Pecera Planta 1 17/01/2008     A-2361 1079039 23/02/2023 23/02/2023 Libro impreso